Fr. Conceicao Rodrigues College of Engineering

Automotive Mechanics (Record no. 20698)

MARC details
000 -LEADER
fixed length control field 00371nam a2200181Ia 4500
082 ## - DEWEY DECIMAL CLASSIFICATION NUMBER
Classification number 620.1
Item number CRO
100 ## - MAIN ENTRY--PERSONAL NAME
Personal name Crouse/William H
250 ## - EDITION STATEMENT
Edition statement 10
245 ## - TITLE STATEMENT
Title Automotive Mechanics
260 ## - PUBLICATION, DISTRIBUTION, ETC.
Name of publisher, distributor, etc. MC Graw-Hill
Date of publication, distribution, etc. 1993
366 ## - TRADE AVAILABILITY INFORMATION
Publishers's discount category 20
300 ## - PHYSICAL DESCRIPTION
Extent 820
546 ## - LANGUAGE NOTE
Language note ENGLISH
-- Info.Tech
650 ## - SUBJECT ADDED ENTRY--TOPICAL TERM
Topical term or geographic name entry element Mechanics
654 ## - SUBJECT ADDED ENTRY--FACETED TOPICAL TERMS
Focus term automotive
942 ## - ADDED ENTRY ELEMENTS (KOHA)
Koha item type BOOK
Holdings
Withdrawn status Lost status Damaged status Not for loan Collection Home library Current library Date acquired Source of acquisition Cost, normal purchase price Inventory number Total Checkouts Full call number Barcode Date last seen Cost, replacement price Price effective from Koha item type
        CRC Fr. Agnel's C.Rodrigues College of Engineering Fr. Agnel's C.Rodrigues College of Engineering 17/03/2023 Book Base 372.00 9632 dt 28/04/2010   620.1 CRO 20598 17/03/2023 465.00   BOOK